| 000 | 00831nam a22002057a 4500 | ||
|---|---|---|---|
| 999 |
_c63298 _d63298 |
||
| 005 | 20250730121056.0 | ||
| 008 | 250730s2022 en ||||| |||| 00| 0 eng d | ||
| 020 | _a9780323919678 X | ||
| 041 | _aeng | ||
| 080 | _a616.31 S-78 | ||
| 245 |
_aSpecial care dentistry / _cEditor : M. Munz, Stephanie |
||
| 264 |
_aPhiladelphia : _bElsevier, _c 2022. |
||
| 300 |
_axii, pages 170-305 pages, _b color illustrations ; _c24 cm. |
||
| 440 |
_a Dental clinics of North America, v. 66, no. 2, volume 66, number 2 _925703 |
||
| 653 | _a Dental Care, Dental care, People with disabilities Dental care, Personnes handicapées Soins dentaires, Soins dentaires | ||
| 653 | _aსტომატოლოგია | ||
| 653 | _aმედიცინა | ||
| 700 |
_aStephanie, M. Munz _eრედაქტორი _925704 |
||
| 942 |
_2udc _cBK |
||